Social movements : identity, culture, and the state
Saved in:
| Other Authors: | , , |
|---|---|
| Format: | Book |
| Language: | English |
| Published: |
Oxford; New York :
Oxford University Press,
2002
|
| Subjects: | |
| Tags: |
Add Tag
No Tags, Be the first to tag this record!
|
MARC
| LEADER | 00000nam a2200000 i 4500 | ||
|---|---|---|---|
| 001 | 1/47751 | ||
| 008 | 070706s2002 eng d | ||
| 020 | |a 978-0-19-514356-0 (pbk.) | ||
| 020 | |a 0-19-514356-6 (pbk.) | ||
| 035 | |l 10088725 | ||
| 040 | |a GR-MY-UA |b gre |e aacr | ||
| 041 | 0 | |a eng | |
| 082 | 0 | |a 303.484 |2 (22) | |
| 245 | 1 | 0 | |a Social movements : |b identity, culture, and the state / |c edited by David S. Meyer, Nancy Whittier and Belinda Robnett |
| 260 | |a Oxford; New York : |b Oxford University Press, |c 2002 | ||
| 300 | |a xvi, 366 σ.; |c 25 εκ. | ||
| 504 | |a Βιβλιογραφία: σ. 309-346 | ||
| 504 | |a Περιέχει ευρετήριο | ||
| 650 | 0 | 0 | |a Social movements. |
| 650 | 0 | 0 | |a Sociology. |
| 700 | 1 | |a Meyer, David S. |4 edt | |
| 700 | 1 | |a Whittier, Nancy |d 1966- |4 edt | |
| 700 | 1 | |a Robnett, Belinda |d 1956- |4 edt | |
| 852 | |a INST |b LESVOS |e 20070706 |h 303.484 SOC |p 005100037837 |q 005100037837 |t BK |y 0 | ||
| 901 | |a BIBL1-2007-2 | ||
| 909 | |a Λ |b 135567 | ||
| 922 | |a 1ΕΛΗ |b 200706 |c ΕΠΕΑΕΚ2/ΤΚ |d ΠΑΠΑΣΩΤΗΡΙΟΥ | ||
| 970 | |a ΒΑΡΚΑ |b ΕΛΕΥΘΕΡΙΑ |z 2007/07/06 | ||